La araucana
Guardat en:
| Autor principal: | |
|---|---|
| Format: | Llibre |
| Idioma: | espanyol |
| Publicat: |
Santiago
Elzeviriana
1942
|
| Matèries: | |
| Etiquetes: |
Afegir etiqueta
Sense etiquetes, Sigues el primer a etiquetar aquest registre!
|
MARC
| LEADER | 00000nam a2200000 a 4500 | ||
|---|---|---|---|
| 001 | UCZ0095 | ||
| 003 | CL-VaPUC | ||
| 008 | 950724e19420000CL |||||||||||||||||spa|d | ||
| 082 | 0 | 4 | |a 861 |b ERC |2 21 |
| 100 | |a Ercilla y Zúñiga, Alonso de |e autor |9 267605 | ||
| 245 | 1 | 3 | |a La araucana |
| 300 | |a 231 p | ||
| 942 | |c BK | ||
| 945 | |d 19950724 00:00:00 |a cmena | ||
| 260 | |a Santiago |b Elzeviriana |c 1942 | ||
| 500 | |a Edición especial, ilustrada con grabados, documentos, notas históricas y bibliográficas. Incluye biografía del autor por José Toribio Medina | ||
| 650 | 7 | |a POESIAS EPICAS ESPAÑOLAS |2 CL-VaPUC |9 267774 | |
| 650 | 0 | |a Literatura española |9 306261 | |
| 583 | |a last modification |c 19950724 00:00:00 |k Rodrigo Vera | ||
| 999 | |c 237068 |d 237066 | ||
| 952 | |0 0 |1 0 |4 0 |6 861_000000000000000_ERC_1942 |7 0 |8 A |9 245795 |a BIBEDU |b BIBEDU |d 2019-11-18 |i 1542699 |o 861 ERC 1942 |p 1542699 |r 2019-11-18 |w 2019-11-18 |y BK |k EDU | ||